000 00666nam a22002177a 4500
999 _c182090
_d182090
005 20220216155150.0
010 _aENG-130056
020 _a978-93-90122-55-4
_c425.00
035 _aEN-113588
037 _bDBAD/PUB
082 _a954.035
100 _aChandra,Bipan
245 _aHistory of Modern India:
_cby Bipan Chandra
250 _a2020
260 _bOrient Blackswan
_c2020
_aIndia
270 _a3-6-752 Himayatnagar
_e500029
_bHyderabad
_mcentraloffice@orientblackswan.com
300 _avi,351p.
_c20cm (pbk)
500 _aInclude index
700 _a Kannabiran Vasanth , kannabiran Kalpana
942 _2ddc
_cEN
_h954.035
_mCHA